000
00316nam a22001337a 4500
008
170829b xxu||||| |||| 00| 0 eng d
020
_a
0534521290
041
_a
eng
080
_a
070
100
_a
39
101
_a
MED
245
_a
COMMUNICATIONS MEDIA IN THE INFORMATION SOCIETY
_c
STRAUBHAAR,J
942
_2
udc
_c
BK
999
_c
25444
_d
25444